Mobile Legends - Legend Skins - Statistics

General Stats
  • This quiz has been taken 10 times
  • The average score is 5 of 7
Answer Stats
Hint Answer % Correct
Lesley Angelic Agent
86%
Miya Modena Butterfly
86%
Saber Codename - Storm
71%
Gord Conqueror
71%
Alucard Obsidian Blade
71%
Granger Starfall Knight
71%
Gusion Cosmic Gleam
43%
No matching quizzes found
Score Distribution
Percent of People with Each Score
Percentile by Number Answered
Your Score History
You have not taken this quiz